000 00476nam a2200145Ia 4500
008 211109s9999||||xx |||||||||||||| ||und||
082 _a894.81209
_bAZI-S
100 _aAzhicode, Sukumar
245 0 _aSankarakurup Vimarsikkappetunnu
260 _bNavakerala Co-Operative Publishing House
_aKozhikode
_c1963
300 _a189p
630 _xGeneral Stack
650 _aMalayalam Literature
_vMalayalam DramaLiterary CriticismMalayalam Literary Theoy
_xCriticism
942 _cBOOK
999 _c26437
_d26437